Analysing newspapers : an approach from critical discourse analysis (Record no. 369479)

MARC details
000 -LEADER
fixed length control field 00724nam a2200217Ia 4500
008 - FIXED-LENGTH DATA ELEMENTS--GENERAL INFORMATION
fixed length control field 191130s2007##################000#0#eng##
020 ## - INTERNATIONAL STANDARD BOOK NUMBER
ISBN 9781403935656
082 ## - DEWEY DECIMAL CLASSIFICATION NUMBER
Classification number 302.2322 RIC
100 ## - MAIN ENTRY--AUTHOR NAME
Personal name Richardson, John E
245 ## - TITLE STATEMENT
Title Analysing newspapers : an approach from critical discourse analysis
Statement of responsibility, etc John E. Richardson
260 ## - PUBLICATION, DISTRIBUTION, ETC. (IMPRINT)
Place of publication Basingstoke, Hampshire
Name of publisher Palgrave Macmillan
Year of publication 2007
300 ## - PHYSICAL DESCRIPTION
Number of Pages xi, 268 p. : ill. ; 24 cm
500 ## - GENERAL NOTE
General note Includes bibliographical references (p. 245-260) and index
650 ## - SUBJECT ADDED ENTRY--TOPICAL TERM
Topical Term Discourse analysis
Topical Term Journalism - Objectivity
Topical Term Newspapers - Language
991 ## -
-- 216662
Holdings
Withdrawn status Lost status Damaged status Not for loan Home library Current library Shelving location Date acquired Full call number Accession Number Price effective from Koha item type
        Anna Centenary Library Anna Centenary Library 3RD FLOOR, B WING 17.10.2020 302.2322 RIC 305378 17.10.2020 English Books

Find us on the map